[Event "Ubeda op"]
[Site "Ubeda"]
[Date "1996.??.??"]
[Round "?"]
[White "Marin, Mihail"]
[Black "Cifuentes Parada, Roberto"]
[Result "0-1"]
[WhiteElo "2545"]
[BlackElo "2490"]

1.Nf3 d5 2.c4 c6 3.e3 Nf6 4.Nc3 e6 5.Qc2 Nbd7 6.a3 Bd6 7.b4 O-O 8.Bb2 a5
9.b5 e5 10.bxc6 bxc6 11.cxd5 cxd5 12.Nb5 Bb8 13.Be2 a4 14.h3 Qb6 15.Rb1 Bb7
16.O-O Rc8 17.Qf5 Re8 18.Rfc1 d4 19.Qc2 dxe3 20.dxe3 Be4 21.Qd1 Bxb1 22.Rxb1 e4
23.Bd4 Qe6 24.Nd2 Ne5 25.Rb4 Nc6 26.Rxa4 Rxa4 27.Qxa4 Nxd4 28.Nxd4 Qa2 29.Nc4 Qa1+
30.Bf1 Bh2+ 31.Kxh2 Qxf1 32.Nd6 Rf8 33.N4f5 Qxf2 34.Ne7+ Kh8 35.Nxf7+ Rxf7
36.Qa8+ Ne8 37.Qxe8+ Rf8 38.Qh5 Qf7 39.Qc5 Re8 40.Nf5 Qf6 41.Nd6 Qe7 42.Qd5 Qc7
43.Kg1 Rf8 44.a4 h6 45.Nf5 Qf7 46.Qxf7 Rxf7 47.Nd6 Ra7 48.Kf2 Rxa4 49.Kg3 Kh7
50.h4 Kg6 51.Kf4 Kf6 52.h5 Ke6 53.Nf5 Ra2 54.Nxg7+ Kf6 55.Ne8+ Kf7 56.Nd6+ Ke6
57.Nxe4 Rxg2 58.Ng3 Rf2+ 59.Kg4 Ke5 60.e4 Rf4+ 61.Kh3 Kf6 62.Kg2 Kg5 63.e5 Kg4
64.e6 Rf6 65.Nf1 Rxe6 66.Nh2+ Kxh5 67.Kg3 Rg6+ 68.Kh3 Kg5 69.Kg3 Kf5+ 70.Kf3 h5
71.Nf1 h4 72.Ne3+ Kg5 73.Nf1 Ra6 74.Kg2 Ra2+ 75.Kh3 Rf2 76.Nh2 Kh5  0-1

[Event "Paks GM"]
[Site "Ungarn"]
[Date "1996.??.??"]
[Round "?"]
[White "Vukanovic, Sasa"]
[Black "Acs, Peter"]
[Result "1-0"]
[WhiteElo "2360"]
[BlackElo "2440"]

1.Nf3 d5 2.c4 c6 3.g3 Nf6 4.Bg2 dxc4 5.O-O b5 6.a4 Bb7 7.b3 cxb3 8.Qxb3 a6
9.Ba3 Nbd7 10.Rc1 e5 11.Ng5 Nd5 12.Bxf8 Kxf8 13.axb5 axb5 14.Rxa8 Bxa8 15.e4 c5
16.exd5 Qxg5 17.Qxb5 Qd8 18.Bh3 Ke7 19.Nc3 g6 20.Ra1 Qc7 21.Ra6 Rb8 22.d6+  1-0

[Event "Paks GM"]
[Site "Ungarn"]
[Date "1996.??.??"]
[Round "?"]
[White "Arsovic, Zoran"]
[Black "Acs, Peter"]
[Result "1/2-1/2"]
[WhiteElo "2460"]
[BlackElo "2440"]

1.Nf3 d5 2.c4 c6 3.e3 Nf6 4.d4 a6 5.Nc3 b5 6.b3 Bg4 7.Be2 e6 8.O-O Nbd7 9.Bb2 Be7
10.Ne5 Bxe2 11.Nxe2 Nxe5 12.dxe5 Nd7 13.cxd5 cxd5 14.Nf4 O-O 15.Qg4 a5 16.Rad1 Qe8
17.e4 dxe4 18.Nxe6 fxe6 19.Qxe6+ Qf7 20.Qxd7 Rad8 21.Qa7 Bb4 22.Qe3 Rd5 23.h3 Bc5
24.Qxe4 Rxd1 25.Rxd1 Qxf2+ 26.Kh1 Be7 27.Bd4 Qxa2 28.Qd5+ Kh8 29.Qxb5 Qc2
30.Ra1 Qe4 31.Qd7 Qh4 32.Qg4 Qxg4 33.hxg4 Bb4 34.Rc1 h6 35.Rc7 Rf4 36.Bb2 Rf2
37.Bc1 Re2 38.Bf4 Re4 39.Rc8+ Kh7 40.Bg3 Rxg4 41.Kh2 Re4 42.Rc7 Kg6 43.Rd7 h5
44.Bf2 Bc3 45.e6 Rxe6 46.Bd4 Bxd4 47.Rxd4 Rb6 48.Rd5 Rxb3 49.Rxa5 h4 50.Ra7 Kh6
51.Ra4 g5 52.Ra6+ Kh5 53.Ra4 Rb2 54.Kh3 Rb3+ 55.Kh2 Re3 56.Rb4 g4 57.Rb5+ Kg6
58.Ra5 Re2 59.Kg1 Re6 60.Rb5 Rf6 61.Kh2 Rf5 62.Rb8 Rc5 63.Rg8+ Kf5 64.Rh8 Kg5
65.Rg8+ Kf4 66.Rh8 h3 67.Rf8+ Ke3  1/2-1/2

[Event "Paks GM"]
[Site "Ungarn"]
[Date "1996.??.??"]
[Round "?"]
[White "Arsovic, Zoran"]
[Black "Weteschnik, Martin"]
[Result "1-0"]
[WhiteElo "2460"]
[BlackElo "2020"]

1.Nf3 d5 2.c4 dxc4 3.e3 c5 4.Bxc4 e6 5.O-O Nf6 6.Qe2 a6 7.Bb3 Be7 8.d4 O-O
9.dxc5 Bxc5 10.e4 Nc6 11.e5 Nd7 12.Nc3 Bd4 13.Rd1 Bxc3 14.bxc3 Qa5 15.Bf4 Nc5
16.Bc2 Ne7 17.Bxh7+ Kxh7 18.Ng5+ Kg6 19.Qg4 f5 20.Qh4  1-0

[Event "CZE-ch (Women)"]
[Site "Usti nad Labem"]
[Date "1996.??.??"]
[Round "5"]
[White "Slepankova, Radka"]
[Black "Flaisigova, Petra"]
[Result "1-0"]
[WhiteElo "1950"]
[BlackElo "1775"]

1.Nf3 d5 2.c4 e6 3.g3 Nf6 4.Bg2 c6 5.cxd5 exd5 6.O-O Bd6 7.d3 O-O 8.Nbd2 Re8
9.b3 Qe7 10.Re1 Nbd7 11.Bb2 Ne5 12.Rc1 Bg4 13.Qc2 Qc7 14.Nd4 a6 15.a3 Re7
16.b4 Rae8 17.h3 Bc8 18.Nf1 a5 19.bxa5 Qxa5 20.Ne3 g6 21.Nb3 Qd8 22.Qc3 Rc7
23.a4 Ned7 24.Ng4 Be5 25.Nxe5 Nxe5 26.Nd4 Be6 27.Nb5  1-0

[Event "AUT-chT qual"]
[Site "Vienna"]
[Date "1996.??.??"]
[Round "1"]
[White "Sader, Michael"]
[Black "Duer, Werner"]
[Result "1/2-1/2"]
[WhiteElo "2305"]
[BlackElo "2280"]

1.Nf3 d5 2.c4 c6 3.b3 Bg4 4.e3 e6 5.Bb2 Nd7 6.Be2 Ngf6 7.h3 Bh5 8.a3 h6 9.d3 Bg6
10.Qc2 Be7 11.Nbd2 O-O 12.b4 Qb8 13.O-O a5 14.Bc3 dxc4 15.Nxc4 axb4 16.Bxb4 Nd5
17.Bxe7 Nxe7 18.Qb2 Nd5 19.Nce5 Nxe5 20.Nxe5 Qc7 21.Nxg6 fxg6 22.d4 Kh8 23.Bd3 Rf6
24.Rab1 Ra7 25.Rfc1 g5 26.Be4 Ne7 27.Rc3 Nc8 28.Rb3 Nd6 29.Bd3 Rf7 30.Qe2 Nf5
31.Qh5 Kh7 32.Qg4 g6 33.Qe4 Re7 34.Rc1 Qd6 35.Rc5 Ra4 36.Rbc3 Ra8 37.g3 Rf8
38.Kg2 Rf6 39.Rc2 Kg7 40.a4 Rd7 41.a5 Ne7 42.Bc4 Nd5 43.Qe5 Qf8 44.e4 Nb4
45.Rb2 Kh7 46.f4 gxf4 47.Rxb4 fxg3 48.Qxg3 Rdf7 49.Rb2 Rf3 50.Qe1 Qd6 51.Rd2 Qf4
52.Re5 Re3 53.Qf2 Rf3 54.Qe1  1/2-1/2

[Event "Carl Schlechter mem"]
[Site "Vienna"]
[Date "1996.??.??"]
[Round "1"]
[White "Sader, Michael"]
[Black "Weissel, Georg"]
[Result "1/2-1/2"]
[WhiteElo "2285"]
[BlackElo "2095"]

1.Nf3 d5 2.c4 c6 3.b3 Nf6 4.Bb2 Bg4 5.e3 e6 6.Be2 Bd6 7.d3 O-O 8.h3 Bxf3
9.Bxf3 Nbd7 10.O-O Qe7 11.Nc3 Rad8 12.Qc2 Ne5 13.Be2 a6 14.Rfe1 Ng6 15.Rac1 Bb4
16.Red1 Bd6 17.g3 h5 18.d4 h4 19.g4 e5 20.Qf5 exd4 21.Rxd4 Be5 22.Rd3 d4  1/2-1/2

[Event "Carl Schlechter mem"]
[Site "Vienna"]
[Date "1996.??.??"]
[Round "2"]
[White "Rotshtein, Efim"]
[Black "Eisterer, Heinrich"]
[Result "0-1"]
[WhiteElo "2315"]
[BlackElo "2340"]

1.Nf3 d5 2.c4 c6 3.b3 Nf6 4.Bb2 Bg4 5.Ne5 Bh5 6.d3 Nbd7 7.Nxd7 Qxd7 8.Nd2 e6
9.g3 Bd6 10.Bg2 Qe7 11.a3 O-O 12.O-O a5 13.Nf3 e5 14.Qc2 Rfe8 15.Nh4 Qe6
16.e4 Bg4 17.exd5 cxd5 18.Rfe1 Bh3 19.Bh1 dxc4 20.bxc4 Qd7 21.Nf3 Qf5 22.Qe2 Rad8
23.Qe3 Ng4 24.Qb6 h6 25.Re2 Qc8 26.Qxa5 Bc5 27.Qc3 Qf5 28.Rd1 Re6 29.Bg2 Bxg2
30.Kxg2 Bxf2 31.h3 Ne3+ 32.Rxe3 Bxe3 33.Qa5 Rxd3 34.Rf1 Qe4 35.Bxe5 Rd2+
36.Kh1 b6 37.Qc3 Rd3 38.Qb2 Bc5 39.Kg2 Rxf3 40.Rxf3 Qxe5  0-1

[Event "Siembra Villa Ballester op"]
[Site "Villa Ballester"]
[Date "1996.??.??"]
[Round "4"]
[White "Scarella, Enrique"]
[Black "Fiorito, Fabian"]
[Result "1/2-1/2"]
[WhiteElo "2330"]
[BlackElo "2455"]

1.Nf3 d5 2.c4 c6 3.d4 e6 4.e3 Nf6 5.Bd3 Nbd7 6.O-O dxc4 7.Bxc4 Bd6 8.Nc3 O-O
9.e4 e5 10.Bb3 exd4 11.Nxd4 Nc5 12.Bc2 Re8 13.Nf5 Bxf5 14.exf5 Qc7 15.g3 Rad8
16.Qf3 Ncd7 17.Bg5 h6 18.Bh4 Ne5 19.Qg2 Nc4 20.Bxf6 gxf6 21.Qh3 Kh7 22.Ne4 Be5
23.Qh4 Nd2 24.Nxf6+ Bxf6 25.Qxf6 Nxf1 26.Rxf1 Rd6 27.Qh4 f6 28.Qh5 Rg8 29.Re1 Rdd8
30.Re6 Rdf8 31.Qh4 Qd8 32.Qb4 Rg7 33.Qc5 a6 34.Bb3 Rd7 35.Qc3 Rg7  1/2-1/2

[Event "Siembra Villa Ballester op"]
[Site "Villa Ballester"]
[Date "1996.??.??"]
[Round "7"]
[White "Dolezal, Cristian"]
[Black "Benko, Francisco"]
[Result "1/2-1/2"]
[WhiteElo "2355"]
[BlackElo "2165"]

1.Nf3 d5 2.c4 e6 3.g3 Nf6 4.Bg2 dxc4 5.O-O Nbd7 6.Qa4 a6 7.Qxc4 b5 8.Qc2 Bb7
9.b3 c5 10.Bb2 Rc8 11.d3 Be7 12.Nbd2 O-O 13.Rac1 Qb6 14.Qb1 Rfd8 15.Qa1 Bf8
16.h3 Nh5 17.Kh2 f5 18.e3 Nhf6 19.Rfd1 Bd5 20.Bf1 Qb7 21.Be2 Re8 22.Ne5 Nxe5
23.Bxe5 Nd7 24.Bb2 e5 25.e4 fxe4 26.dxe4 Be6 27.Qb1 g6 28.Bg4 Bh6 29.Bxe6+ Rxe6
30.Rc3 Rf6 31.f3 Nb6 32.Qc2 Qe7 33.Kg2 Rd6 34.Nb1 Rxd1 35.Qxd1 c4 36.Rc2 Rd8
37.Qg1 Qe6 38.Bxe5 cxb3 39.axb3 Qxb3 40.Rd2 Bxd2 41.Qxb6 Bg5 42.h4 Be7 43.Nc3 Rd2+
44.Kh3 Bd8 45.Qc6 Qf7 46.Nd5 h5 47.Qd6 Rxd5 48.exd5 Be7 49.Qc7 Qxf3 50.Kh2 Qf2+
51.Kh1 Qe1+ 52.Kg2 Qd2+ 53.Kf1  1/2-1/2

[Event "LTU-ch"]
[Site "Vilnius"]
[Date "1996.??.??"]
[Round "3"]
[White "Labuckas, Aidas"]
[Black "Dambrauskas, Virginijus"]
[Result "1-0"]
[WhiteElo "2395"]
[BlackElo "2350"]

1.Nf3 d5 2.c4 c6 3.b3 Bg4 4.Bb2 Bxf3 5.exf3 Nd7 6.cxd5 cxd5 7.f4 Ngf6 8.g3 e6
9.Bg2 Bd6 10.O-O O-O 11.Nc3 Qa5 12.a3 b5 13.f5 exf5 14.Nxd5 Nxd5 15.Bxd5 Rad8
16.b4 Qb6 17.Re1 Bb8 18.Rc1 Ne5 19.Qb3 Ng4 20.Re2 Qh6 21.f3 Nf6 22.Rc6 Bd6
23.Qd3 Nxd5 24.Qxd5 Bxg3 25.Qxb5 Rd6 26.Rxd6 Bxd6 27.Qxf5 Rd8 28.Bd4 Bf8
29.Bc3 Qc6 30.Qe4 Qa4 31.Re1 Rd6 32.Qa8 Qa6 33.Re8 Rg6+ 34.Kf2 Qb6+ 35.d4 Qd6
36.Qb8 Qxb8 37.Rxb8 Rc6 38.Bd2 f6 39.b5 Rb6 40.Ra8 Kf7 41.Rxa7+ Ke6 42.Ra6  1-0

[Event "Vlissingen op"]
[Site "Vlissingen"]
[Date "1996.??.??"]
[Round "4"]
[White "Ehlvest, Jaan"]
[Black "Kasimdzhanov, Rustam"]
[Result "1-0"]
[WhiteElo "2660"]
[BlackElo "2435"]

1.Nf3 d5 2.c4 e6 3.d4 c6 4.Nbd2 Nd7 5.g3 Ngf6 6.Bg2 b6 7.O-O Bb7 8.b3 Be7
9.Bb2 O-O 10.Rc1 c5 11.e3 dxc4 12.Nxc4 Rc8 13.Nce5 cxd4 14.Qxd4 Nxe5 15.Nxe5 Qxd4
16.Bxd4 Nd5 17.Rfd1 f6 18.Nc4 Rfd8 19.a3 Ba6 20.Bh3 Kf7 21.Bf1 Nc7 22.Bb2 Rxd1
23.Rxd1 Rd8 24.Rc1 Rd7 25.b4 Bb7 26.Bg2 Bxg2 27.Kxg2 Ne8 28.Kf3 Rc7 29.e4 Rd7
30.Ke3 Nd6 31.Nd2 Nb5 32.Nf3 Nd6 33.e5 Nb5 34.exf6 gxf6 35.Ke2 Nc7 36.Nd4 Nd5
37.Rc8 a5 38.b5 Bc5 39.Nc6 a4 40.Ra8 Nc7 41.Ra7 h6 42.Rxa4 Nxb5 43.Rf4 Rd6
44.Rxf6+ Ke8 45.a4 Nc7 46.Ne5 Bd4 47.Bxd4 Rxd4 48.f4 Rxa4 49.Rxh6 Ra2+ 50.Kf3  1-0

[Event "JUG-chT"]
[Site "Vrnjacka Banja"]
[Date "1996.??.??"]
[Round "?"]
[White "Arsovic, Goran"]
[Black "Ujhazi, Ivan"]
[Result "1-0"]
[WhiteElo "2350"]
[BlackElo "2310"]

1.Nf3 d5 2.c4 e6 3.d4 c5 4.cxd5 exd5 5.g3 Nc6 6.Bg2 Nf6 7.O-O Be7 8.Nc3 Be6
9.Bg5 c4 10.Ne5 O-O 11.e3 Qa5 12.f4 Rad8 13.Qf3 Qb4 14.Rf2 Ne4 15.Nxc6 bxc6
16.Bxe7 Qxe7 17.Nxe4 dxe4 18.Qxe4 Rfe8 19.Qxc6 Bd7 20.Qxc4 Qxe3 21.Qc3 Qe6
22.d5 Qb6 23.Re1 Rxe1+ 24.Qxe1 Re8 25.Qd2 h5 26.h4 Bg4 27.Kh2 Qd6 28.Qd3 Re1
29.Qc3 Ra1 30.Qc6 Qe7 31.d6 Qe3 32.Qa8+ Kh7 33.Qe4+ Qxe4 34.Bxe4+ f5 35.Bc2  1-0

[Event "JUG-chT"]
[Site "Vrnjacka Banja"]
[Date "1996.??.??"]
[Round "?"]
[White "Dimitrijevic, Milorad"]
[Black "Cabarkapa, Velibor"]
[Result "0-1"]
[WhiteElo "2335"]
[BlackElo "2275"]

1.Nf3 d5 2.c4 c6 3.e3 Nf6 4.d4 e6 5.Bd3 Nbd7 6.Nbd2 Bd6 7.O-O O-O 8.e4 dxe4
9.Nxe4 Nxe4 10.Bxe4 f5 11.Bc2 e5 12.c5 Bb8 13.Ng5 Qe8 14.f4 e4 15.Bb3+ Kh8
16.Be3 Nf6 17.d5 h6 18.Nh3 Ng4 19.Bd4 cxd5 20.Bxd5 Qd7 21.Qb3 Nf6 22.Bxf6 Rxf6
23.Rac1 a6 24.Rfd1 Qc7 25.Kh1 Ba7 26.Rc3 Rb8 27.Qc4 Bd7 28.Qd4 Bb5 29.a4 Be8
30.Qe5 Rc8 31.a5 Qd8 32.b4 Bb8 33.Qd4 Qc7 34.Bb3 Bh5 35.Rd2  0-1

[Event "JUG-chT"]
[Site "Vrnjacka Banja"]
[Date "1996.??.??"]
[Round "?"]
[White "Jovic, Aleksandar"]
[Black "Peric, Slavisa"]
[Result "1-0"]
[WhiteElo "2375"]
[BlackElo "2325"]

1.Nf3 d5 2.c4 dxc4 3.Na3 Nf6 4.Nxc4 c5 5.g3 g6 6.Bg2 Bg7 7.O-O Nc6 8.Nce5 Nxe5
9.Nxe5 Qc7 10.Qa4+ Nd7 11.Nc4 O-O 12.d3 a6 13.Bf4 e5 14.Be3 Rb8 15.Rac1 b6
16.b4 Bb7 17.Bxb7 Qxb7 18.Nd6 Qa7 19.bxc5 Nxc5 20.Bxc5 bxc5 21.Rc2 Rfd8 22.Ne4 Bf8
23.Rfc1 Rb5 24.Nc3 Rb4 25.Qc6 Rd6 26.Qc8 Re6 27.Qd8 c4 28.dxc4 Rxc4 29.Nd5 Rxc2
30.Rxc2 Kg7 31.Rc7 Qd4 32.Qd7 Kh6 33.Qxf7 Bc5 34.Qxh7+ Kg5 35.Rxc5 Qxc5 36.Qh4+  1-0

[Event "JUG-ch (Women) 1"]
[Site "Vrnjacka Banja"]
[Date "1996.??.??"]
[Round "?"]
[White "Khurtsidze, Nino"]
[Black "Chelushkina, Irina"]
[Result "1/2-1/2"]
[WhiteElo "2365"]
[BlackElo "2290"]

1.Nf3 d5 2.c4 e6 3.g3 f5 4.Bg2 Nf6 5.O-O c6 6.d4 Bd6 7.b3 Qe7 8.Bb2 O-O 9.Nbd2 Nbd7
10.Ne5 Bxe5 11.dxe5 Ne4 12.Nf3 g5 13.Qc1 Rf7 14.cxd5 cxd5 15.Ne1 g4 16.Nd3 Nf8
17.f3 Ng5 18.fxg4 fxg4 19.Rxf7 Nxf7 20.e4 Qd8 21.exd5 exd5 22.Qc5 Bf5 23.Nf4 d4
24.Qxd4 Qxd4+ 25.Bxd4 Rd8 26.Bxa7 Nxe5 27.Bxb7 Rd2 28.Be3 Rc2 29.Bd5+ Kg7
30.Nh5+ Kg6 31.Nf4+ Kg7 32.Bd4 Nd7 33.Re1 Kf6 34.Nh5+ Kg5 35.Bxe5 Kxh5 36.a4 Nc5
37.Bf4 Nd3 38.Bf7+ Bg6 39.Bxg6+ Kxg6 40.Re6+ Kf5 41.Re7 Rb2 42.Rf7+ Kg6 43.Rb7 Rb1+
44.Kg2 Rb2+ 45.Kf1 Rxh2 46.Bd6 Rf2+ 47.Kg1 Rb2 48.a5 Rb1+ 49.Kg2 Rb2+ 50.Kf1 Rf2+
51.Kg1 Rb2 52.a6 Rb1+ 53.Kg2 Rb2+ 54.Kf1 Rf2+ 55.Kg1 Rb2 56.a7 Ra2 57.Bb8 Kf5
58.Rxh7 Ke4 59.Rf7 Ke3 60.Re7+ Kf3 61.Rf7+ Ke3 62.Bc7 Ra1+ 63.Rf1 Ra2 64.Bb6+ Ke4
65.Rf8 Ra1+ 66.Kg2 Ra2+ 67.Bf2 Nxf2 68.a8=Q+ Rxa8 69.Rxa8 Nd1 70.b4 Kd5  1/2-1/2

[Event "JUG-chT"]
[Site "Vrnjacka Banja"]
[Date "1996.??.??"]
[Round "?"]
[White "Notaros, Krasoje"]
[Black "Marjanovic, Slavoljub"]
[Result "0-1"]
[WhiteElo "2360"]
[BlackElo "2445"]

1.Nf3 d5 2.c4 e6 3.g3 dxc4 4.Qa4+ Nd7 5.Bg2 a6 6.Qxc4 Ngf6 7.d4 b5 8.Qc2 Bb7
9.O-O c5 10.dxc5 Bxc5 11.Nc3 Rc8 12.Qd1 O-O 13.Ne1 Bxg2 14.Nxg2 Qb6 15.Be3 Rfd8
16.Qb1 Qc6 17.a3 Ng4 18.Bxc5 Nxc5 19.Qc2 Na4 20.Rad1 Rxd1 21.Rxd1 g6 22.h3 Nf6
23.Rd3 Nd5 24.Ne3 Naxc3 25.bxc3 Nxc3 26.Ng4 h5 27.Ne5 Qe4 28.Nd7 Nxe2+ 29.Kh2 Rxc2
30.Nf6+ Kf8 31.Nxe4 Ke7 32.Kg2 h4 33.a4 hxg3  0-1

[Event "Wattens op"]
[Site "Wattens"]
[Date "1996.??.??"]
[Round "1"]
[White "Bernardi, Mario"]
[Black "Messner, Andreas"]
[Result "1/2-1/2"]
[WhiteElo "2045"]
[BlackElo "1630"]

1.Nf3 d5 2.c4 d4 3.d3 c5 4.g3 Nc6 5.Bg2 e5 6.O-O Be7 7.a3 Bf5 8.b4 e4 9.dxe4 Bxe4
10.Nbd2 Bxf3 11.Nxf3 cxb4 12.axb4 Bxb4 13.Qa4 Ne7 14.Ne5 Bc3 15.Nxc6 Nxc6
16.Bxc6+ bxc6 17.Qxc6+ Kf8 18.Ba3+ Kg8 19.Be7 Rc8 20.Qa6 Qe8 21.Rab1 h5 22.Rb7 Rh6
23.Qxa7 Rhc6 24.c5 Ra8 25.Rfb1 Rxa7 26.Rxa7 Kh7 27.Rbb7 Kg6 28.Rd7 Qb8 29.Rab7 Qe5
30.Kf1 Qe4 31.f3 Qe3 32.Rb6 Qc1+ 33.Kg2 Rxb6 34.cxb6 Qb2 35.b7 Qxe2+ 36.Kh3 Qe6+
37.Kg2 Qe2+ 38.Kg1 Qe1+ 39.Kg2 Qe2+  1/2-1/2

[Event "Wattens op"]
[Site "Wattens"]
[Date "1996.??.??"]
[Round "3"]
[White "Baumann, Kurt"]
[Black "Niedermayer, Anton"]
[Result "0-1"]
[WhiteElo "1750"]
[BlackElo "2030"]

1.Nf3 d5 2.c4 c6 3.g3 Nf6 4.Bg2 dxc4 5.Na3 g6 6.Nxc4 Bg7 7.O-O O-O 8.d3 Nbd7
9.Bd2 Nd5 10.Qc1 Re8 11.Ng5 Nf8 12.Ne4 Bg4 13.Re1 Qc8 14.Nc3 Nf6 15.Ne5 Bh3
16.Bh1 Ng4 17.Nf3 h6 18.Ne4 Qd7 19.Bc3 e5 20.Bb4 Ne6 21.Nc5 Nxc5 22.Bxc5 b6
23.Bb4 c5 24.Bd2 Rad8 25.Nh4 Qd4 26.Be3 Qd6 27.Ng2 Kh7 28.f4 e4 29.f5 Bxg2
30.fxg6+ Qxg6 31.Bxg2 Nxe3 32.Qxe3 Bd4  0-1

[Event "Wattens op"]
[Site "Wattens"]
[Date "1996.??.??"]
[Round "4"]
[White "Messner, Andreas"]
[Black "Obradovic, Zoran"]
[Result "1/2-1/2"]
[WhiteElo "1630"]
[BlackElo "1845"]

1.Nf3 d5 2.c4 d4 3.Qa4+ Bd7 4.Qb3 Bc6 5.Ne5 Qd6 6.Nxc6 Qxc6 7.Qb5 a6 8.Qxc6+ Nxc6
9.d3 Nb4 10.Na3 e5 11.g3 f5 12.Bg2 Rb8 13.O-O Bd6 14.Bd2 Nc6 15.Nc2 Nf6 16.b4 h6
17.Rab1 g5 18.b5 axb5 19.Rxb5 Kd7 20.Rfb1 b6 21.Bxc6+ Kxc6 22.Bb4 Nd7 23.Bxd6 Kxd6
24.R5b2 c5 25.Na3 Ra8 26.Nb5+ Kc6 27.Ra1 h5 28.h3 f4 29.Kg2 fxg3 30.fxg3  1/2-1/2

[Event "Wattens op"]
[Site "Wattens"]
[Date "1996.??.??"]
[Round "6"]
[White "Weiss, Christian"]
[Black "Ferrari, Josef"]
[Result "1-0"]
[WhiteElo "2335"]
[BlackElo "2165"]

1.Nf3 d5 2.c4 e6 3.g3 Nf6 4.Bg2 c5 5.O-O Nc6 6.cxd5 exd5 7.d4 Be7 8.Nc3 cxd4
9.Nxd4 O-O 10.Be3 Re8 11.Nxc6 bxc6 12.Na4 Bg4 13.h3 Bf5 14.g4 Bc8 15.Rc1 Qa5
16.b3 Bb7 17.Bd4 Ba3 18.Bxf6 gxf6 19.Rc2 Ba6 20.Bf3 Bb5 21.Nc3 Re6 22.Qd4 Ba6
23.Rd1 Rae8 24.Kg2 Bc5 25.Qf4 Bd6 26.Qc1 Bb8 27.Qd2 Qc7 28.Rh1 Qe5 29.e4 d4
30.Na4 Bd6 31.Nb2 c5 32.Nc4 Qf4 33.Qxf4 Bxf4 34.Rd1 Rb8 35.Nb2 Bd6 36.Nd3 Rc8
37.Nb2 Rce8 38.Nc4 Bxc4 39.Rxc4 Bf8 40.Ra4 a6 41.Kf1 Rb8 42.Ke2 Rbb6 43.Kd3 Rb4
44.Rxb4 cxb4 45.Rc1 Rd6 46.Rc7 a5 47.Be2 Rd8 48.Kc2 Bd6 49.Rc6 Rd7 50.Bc4 Kg7
51.Kd3 Bc7 52.Bd5 Be5 53.Ra6 Kg6 54.Rxa5 Kg5 55.Ra4 Rc7 56.Bc4 Rb7 57.a3 bxa3
58.Rxa3 Kh4 59.Ra6 Kxh3 60.f4 Bxf4 61.Rxf6 Kxg4 62.Bxf7 Be5 63.Rf5 Re7 64.Bh5+ Kh4
65.Be2 Bh8 66.b4 Re5 67.Rf8 Bg7 68.Rf7 Rg5 69.b5 h5 70.b6 Be5 71.b7 Rg3+
72.Bf3 Rg8 73.Rh7 Kg3 74.Bxh5 Rd8 75.Rf7 Rb8 76.Bd1 Rd8 77.Bb3 Bb8 78.Be6 Ba7
79.Bd7 Rh8 80.e5  1-0

[Event "Wattens op"]
[Site "Wattens"]
[Date "1996.??.??"]
[Round "6"]
[White "Soldic, Mira"]
[Black "Pieper, Harald"]
[Result "0-1"]
[WhiteElo "1850"]
[BlackElo "1725"]

1.Nf3 d5 2.c4 e6 3.Nc3 c6 4.e3 Bd6 5.d4 f5 6.c5 Bc7 7.Bd3 Nf6 8.Bc2 O-O 9.h3 Nbd7
10.Qd3 Ne4 11.Nd2 Qe7 12.Qe2 e5 13.Ndxe4 fxe4 14.Bd2 Qf6 15.dxe5 Bxe5 16.O-O Qh4
17.f4 Bf6 18.Bb3 Nxc5 19.Rac1 Nxb3 20.axb3 Be6 21.Be1 Qh6 22.Kh2 g5 23.f5 Be5+
24.g3 Bxf5 25.Qg2 g4 26.h4 Qxh4+ 27.Kg1 Qh3 28.Rc2 Be6 29.Rcf2 Qxg2+ 30.Rxg2 Rxf1+
31.Kxf1 Rf8+ 32.Ke2 Kg7 33.Na4 b6 34.Nc3 Kg6 35.Nd1 Rf3 36.b4 Bc8 37.Kd2 Ba6
38.Nc3 Bc4 39.Kc2 Rxe3 40.b3 Bxb3+  0-1

[Event "Wattens op"]
[Site "Wattens"]
[Date "1996.??.??"]
[Round "8"]
[White "Baumann, Kurt"]
[Black "Larcher, Hans"]
[Result "1/2-1/2"]
[WhiteElo "1750"]
[BlackElo "1950"]

1.Nf3 d5 2.c4 d4 3.b4 Bg4 4.Qa4+ c6 5.Ne5 Bd7 6.Bb2 f6 7.Nxd7 Qxd7 8.d3 e5
9.Nd2 Ne7 10.g3 Na6 11.Bg2 Nc7 12.O-O Ng6 13.Qb3 Ne6 14.a4 f5 15.c5 Be7 16.Nc4 O-O
17.e3 Kh8 18.Rfe1 Nc7 19.exd4 exd4 20.Ne5 Nxe5 21.Rxe5 Bf6 22.Re2 Rae8 23.Rae1 Rxe2
24.Rxe2 f4 25.Re4 Nd5 26.Bxd4 f3 27.Bf1 g5 28.Bxf6+ Rxf6 29.Qb2 Kg7 30.Qe5 Kg6
31.h4 h6 32.hxg5 hxg5 33.Kh2 g4 34.b5  1/2-1/2

[Event "Werfen op-A"]
[Site "Werfen"]
[Date "1996.??.??"]
[Round "9"]
[White "Bezold, Michael"]
[Black "Burmakin, Vladimir"]
[Result "1/2-1/2"]
[WhiteElo "2495"]
[BlackElo "2505"]

1.Nf3 d5 2.c4 c6 3.e3 Nf6 4.Nc3 e6 5.b3 Nbd7 6.Qc2 dxc4 7.bxc4 e5 8.Bb2 Bd6
9.g4 Nxg4 10.Rg1 Ndf6 11.Bd3 g6 12.h3 Nh6 13.Ng5 Qe7 14.Qb3  1/2-1/2

[Event "Sonnevanck"]
[Site "Wijk aan Zee"]
[Date "1996.??.??"]
[Round "7"]
[White "Loeffler, Stefan"]
[Black "Delemarre, Jop"]
[Result "1-0"]
[WhiteElo "2410"]
[BlackElo "2360"]

1.Nf3 d5 2.c4 c6 3.e3 Nf6 4.Nc3 e6 5.b3 Nbd7 6.Qc2 Bd6 7.Bb2 O-O 8.h3 a6
9.g4 b5 10.d4 bxc4 11.bxc4 Rb8 12.c5 Bc7 13.Bd3 e5 14.dxe5 Nxe5 15.Nxe5 Bxe5
16.f4 Bc7 17.g5 Ne4 18.Nxe4 dxe4 19.Bc4 Qe7 20.O-O-O Be6 21.Qc3 Rxb2 22.Kxb2 Rb8+
23.Bb3 Rb5 24.Rd4 Ba5 25.Qc2 Rxc5 26.Bc4 h6 27.Rxe4 Rxc4 28.Rxc4 Bxc4 29.Qxc4 Qxe3
30.g6 Qb6+ 31.Ka3 Qd8 32.Qxf7+ Kh8 33.Rd1 Qb8 34.Rb1 Qd8 35.Rb7 Bc3 36.Qc7 Qf8+
37.Kb3 Qe8 38.Rb8  1-0

[Event "Sonnevanck"]
[Site "Wijk aan Zee"]
[Date "1996.??.??"]
[Round "8"]
[White "Bricard, Emmanuel"]
[Black "Loeffler, Stefan"]
[Result "1-0"]
[WhiteElo "2475"]
[BlackElo "2410"]

1.Nf3 d5 2.c4 e6 3.d4 dxc4 4.Qa4+ Nd7 5.g3 a6 6.Qxc4 Ngf6 7.Bg2 b5 8.Qc6 Rb8
9.Bf4 Bb4+ 10.Nbd2 Bb7 11.Qc2 Nd5 12.Bg5 f6 13.Bf4 g5 14.Be3 g4 15.Nh4 N7b6
16.O-O f5 17.Nb3 Nxe3 18.fxe3 Nd5 19.Nxf5 exf5 20.Qxf5 Qd6 21.Qh5+ Kd8 22.e4 Ne7
23.Rad1 Qe6 24.d5 Qg6 25.Qe5 Qb6+ 26.Kh1 Ng6 27.Qg7 Bf8 28.Qxh8 Nxh8 29.Rxf8+ Ke7
30.Rxb8 Nf7 31.e5  1-0

[Event "Winterthur-B"]
[Site "Winterthur"]
[Date "1996.??.??"]
[Round "9"]
[White "Kaenel, Hansjuerg"]
[Black "Stefanova, Antoaneta"]
[Result "0-1"]
[WhiteElo "2405"]
[BlackElo "2365"]

1.Nf3 d5 2.c4 c6 3.e3 Nf6 4.d4 Bf5 5.cxd5 cxd5 6.Qb3 Qc7 7.Nc3 e6 8.Ne5 Nc6
9.Bd2 Nd7 10.Rc1 Ndxe5 11.dxe5 Bb4 12.Bb5 Bxc3 13.Qxc3 O-O 14.Bxc6 bxc6 15.Qxc6 Qxe5
16.Bc3 Qe4 17.O-O Rfc8 18.Qd6 Qg4 19.Bd4 Bd3 20.Rxc8+ Rxc8 21.Qd7 Rf8 22.f3 Qg5
23.Rc1 a6 24.Rc8 h6 25.Rxf8+ Kxf8 26.Qc8+ Ke7 27.Bb6 f6 28.Bc5+ Kf7 29.Qd7+ Kg6
30.Qxe6 Kh7 31.Bd4 Be2 32.Kf2 Bc4 33.g3 Qg6 34.e4 Qg5 35.Be3 Qh5 36.h4 Bxa2
37.Bf4 a5 38.e5 Qg6  0-1

[Event "Owens Corning"]
[Site "Wrexham"]
[Date "1996.??.??"]
[Round "?"]
[White "Sahu, Sekhar Chandra"]
[Black "Hartman, Christer"]
[Result "1-0"]
[WhiteElo "2340"]
[BlackElo "2370"]

1.Nf3 d5 2.c4 dxc4 3.e3 Nf6 4.Bxc4 e6 5.d4 c5 6.O-O a6 7.Qe2 b5 8.Bb3 Bb7
9.Rd1 Nbd7 10.Nbd2 Be7 11.e4 cxd4 12.e5 Ng4 13.h3 d3 14.Qe1 Nh6 15.Ne4 Bxe4
16.Qxe4 Nc5 17.Qc6+ Kf8 18.Ne1 Nf5 19.Be3 Nxe3 20.fxe3 Rc8 21.Qf3 d2 22.Kh2 Nxb3
23.axb3 Bb4 24.Nc2 Rxc2 25.Qe4 a5 26.Qxc2 g6 27.Qe4 Kg7 28.Rf1 Rf8 29.Rad1 Qd5
30.Qxd5 exd5 31.Kg3 Re8 32.Kf4 f6 33.exf6+ Kxf6 34.Kf3 Ke5 35.Ke2 d4 36.Rf3 Kd5
37.Kd3 Re4 38.Rg3 h6 39.exd4 Rxd4+ 40.Kc2 g5 41.Rd3 Ke4 42.Rxd4+ Kxd4 43.Rf1 Ke3
44.Kd1 a4 45.Rf5 a3 46.bxa3 Bxa3 47.Rf3+  1-0

[Event "Yalta op"]
[Site "Yalta"]
[Date "1996.??.??"]
[Round "5"]
[White "Khromov, Vladimir V"]
[Black "Koziak, Vitali"]
[Result "1/2-1/2"]
[WhiteElo "2235"]
[BlackElo "2450"]

1.Nf3 d5 2.c4 e6 3.b3 Nf6 4.g3 c5 5.Bg2 Nc6 6.O-O Be7 7.cxd5 Nxd5 8.Bb2 O-O
9.Nc3 Bf6 10.Qc1 Nxc3 11.Bxc3 Nd4 12.Nxd4 cxd4 13.Bb4 Re8 14.d3 Bd7 15.Qa3 Qb6
16.Bc5 Qb5 17.Qb4 Qxb4 18.Bxb4 Rac8 19.Rac1 Rxc1 20.Rxc1 Rc8 21.Rxc8+ Bxc8
22.Bd6 g5  1/2-1/2

[Event "Yalta op"]
[Site "Yalta"]
[Date "1996.??.??"]
[Round "7"]
[White "Khromov, Vladimir V"]
[Black "Zhukova, Natalia"]
[Result "1/2-1/2"]
[WhiteElo "2235"]
[BlackElo "2355"]

1.Nf3 d5 2.c4 e6 3.g3 c5 4.Bg2 Nc6 5.b3 Nf6 6.O-O Be7 7.d3 O-O 8.Nbd2 d4
9.Ne1 e5 10.e4 dxe3 11.fxe3 Bg4 12.Bf3 Bh3 13.Rf2 Qd7 14.Bb2 Rad8 15.Ne4 Ng4
16.Re2 f5 17.Nf2 Nxf2 18.Rxf2 e4 19.Bh1 Bg5 20.Qh5 Bxe3 21.Qxh3 Qe7 22.Qh4 Qe8
23.Kf1 Bxf2 24.Kxf2 exd3 25.Bf3 Ne5 26.Qf4 Ng4+ 27.Kg1 d2 28.Ng2 Rd3 29.Rd1 Qh5
30.h4 Qh6 31.Qxh6 Nxh6 32.Bd5+ Kh8 33.Be5 Re8 34.Bf4 Ng4 35.Rxd2 Rxd2 36.Bxd2 Re2
37.Be1  1/2-1/2

[Event "Yalta op"]
[Site "Yalta"]
[Date "1996.??.??"]
[Round "11"]
[White "Khromov, Vladimir V"]
[Black "Poliakov, M."]
[Result "1/2-1/2"]
[WhiteElo "2235"]
[BlackElo "2400"]

1.Nf3 d5 2.c4 c6 3.b3 Nf6 4.Bb2 h6 5.g3 Bf5 6.Bg2 e6 7.O-O Bd6 8.d3 O-O 9.Nbd2 Qe7
10.Re1 Ba3 11.Qc1 Bc5 12.e4 dxe4 13.dxe4 Bh7 14.e5 Nfd7 15.a3 a5 16.Ne4 Na6
17.Qc3 Bb6 18.Rad1 Bxe4 19.Rxe4 Ndc5 20.Ree1 Rfd8 21.Nd4 Rd7 22.Rd2 Rad8
23.Red1 Qg5 24.f4 Qg6 25.Kf1 Ne4 26.Bxe4 Qxe4 27.Qf3 Qg6 28.Ke2 Nc5 29.b4 axb4
30.axb4 Ne4 31.Rd3 c5 32.f5 exf5 33.Nxf5 Rxd3 34.Rxd3 Rxd3 35.Ne7+ Kh7 36.Qxd3 Qg4+
37.Ke3 Qg5+ 38.Kxe4 Qxe7 39.b5 Qe6 40.Ke3+ g6 41.Qd5 Ba5 42.Qxe6 fxe6 43.h3  1/2-1/2